Analýza uplatnenia majetkových daní v konkrétnom regióne (resp. obci) v Slovenskej republike diplomová práca

Na minha lista:
Detalhes bibliográficos
Autor principal: Kuricová, Kristína
Autor Corporativo: Fakulta podnikového manažmentu EU. Katedra podnikových financií
Outros Autores: Lénártová, Gizela
Formato: Livro
Idioma:eslovaco
Publicado em: Bratislava 2012
Tags: Adicionar Tag
Sem tags, seja o primeiro a adicionar uma tag!

MARC

LEADER 00000nbm a2200000 4500
001 0152460
005 20161109102038.8
041 0 |a slo 
044 |a SK 
245 1 0 |a Analýza uplatnenia majetkových daní v konkrétnom regióne (resp. obci) v Slovenskej republike  |b diplomová práca  |c Kristína Kuricová ; školiteľ: Gizela Lénártová 
264 1 |a Bratislava  |c 2012 
300 |a 79 s. 
100 1 |a Kuricová, Kristína 
700 1 |a Lénártová, Gizela 
710 2 |a Fakulta podnikového manažmentu EU. Katedra podnikových financií